000 00427nam a2200169 a 4500
001 0000-8505
003 ELIB.Books
008 110520 1993
035 _a(ELIB.Books)0000-8650
082 _a234.1
_bOde
100 _aOden, Thomas C.
245 _aThe Trasforming Power of Grace
260 _bNashville: Abingdon Press
_c1993
650 _aSalvation
942 _2ddc
_cBK
998 _cbat
_e2011-05-20
999 _c8505
_d8505